| 000 | 00489nam a2200169Ia 4500 | ||
|---|---|---|---|
| 003 | OSt | ||
| 005 | 20260316101558.0 | ||
| 008 | 211028s2015 xx 000 0 und d | ||
| 040 | _cAIMIT LIBRARY | ||
| 041 | _aeng | ||
| 100 |
_aJose, Jomis P; Shetty, Annapoorna. _g121714 _94419 |
||
| 110 |
_aC G Thomas _94420 |
||
| 245 | _aI-sync android cross platform database synchronization / | ||
| 260 |
_aMangalore _c2015 |
||
| 710 |
_aNational Informatics Centre (NIC) _94421 |
||
| 942 |
_2ddc _cPRO |
||
| 999 |
_c217564 _d217564 |
||